000 00388nam a22001217a 4500
082 _a347.549106
_bMAH
100 _aMahmood, M.
245 _aAn Exhaustive Commentary on The Qanun-e-Shahadat Order, 1984:
_bImproved and Enlarged /
_cM. Mahmood and Jawad Mahmood Pasha
260 _aLahore:
_bAl-Qanoon Publishers,
_c2024.
300 _a1688 p. ;
_c24 cm.
563 _aHB.
942 _2ddc
_cBK
999 _c613904
_d613904